| 000 | 00420cam a2200181ua 4500 | ||
|---|---|---|---|
| 020 | _c1.75 | ||
| 041 |
_amal _h |
||
| 082 |
_a894.8120355 _bVAR/AE |
||
| 100 | _aVarier, P A . | ||
| 245 |
_aAfghanisthanil / _cP A Varier. _hTextual Documents |
||
| 250 |
_a1 / _b. |
||
| 260 |
_aThrissur : _bCurrent Books , _c1966. |
||
| 300 | _a112 ; . | ||
| 365 | _a1.75 | ||
| 504 | _a | ||
| 942 | _cBK | ||
| 999 |
_c3763 _d3763 |
||